|
|
|
|
| LEADER |
00000nam a2200000 a 4500 |
| 001 |
UCY4026 |
| 003 |
CL-VaPUC |
| 008 |
950126e19800000CL |||||||||||||||||spa|d |
| 082 |
0 |
4 |
|a 621.392
|b INT
|2 21
|
| 245 |
1 |
0 |
|a Introducción al análisis de sistemas
|
| 246 |
1 |
0 |
|a Análisis de sistemas
|
| 300 |
|
|
|a 200 h
|
| 942 |
|
|
|c BK
|
| 945 |
|
|
|d 19950126 00:00:00
|a mfernand
|
| 260 |
|
|
|a Valparaíso
|b s.n
|c 1980
|
| 650 |
|
0 |
|a Análisis de sistemas
|9 260059
|
| 583 |
|
|
|a last modification
|c 20120822 12:09:12
|k Rodrigo Vera
|
| 999 |
|
|
|c 232015
|d 232013
|
| 952 |
|
|
|0 0
|1 0
|2 ddc
|4 0
|6 621_392000000000000_INT_1980
|7 0
|8 A
|9 235971
|a BIBING
|b BIBING
|c RES
|d 2019-11-15
|i 3060527
|o 621.392 INT 1980
|p 3060527
|r 2025-01-20
|w 2019-11-15
|y BK
|k ING
|
| 952 |
|
|
|0 0
|1 0
|2 ddc
|4 0
|6 621_392000000000000_INT_1980
|7 0
|8 A
|9 235973
|a BIBING
|b BIBING
|c RES
|d 2019-11-15
|i 3060977
|o 621.392 INT 1980
|p 3060977
|r 2025-01-20
|w 2019-11-15
|y BK
|k ING
|
| 952 |
|
|
|0 0
|1 0
|2 ddc
|4 0
|6 621_392000000000000_INT_1980
|7 0
|8 A
|9 235978
|a BIBING
|b BIBING
|c RES
|d 2019-11-15
|i 3061027
|o 621.392 INT 1980
|p 3061027
|r 2025-01-20
|w 2019-11-15
|y BK
|k ING
|
| 952 |
|
|
|0 0
|1 0
|2 ddc
|4 0
|6 621_392000000000000_INT_1980
|7 0
|8 A
|9 235979
|a BIBING
|b BIBING
|c RES
|d 2019-11-15
|i 3067513
|o 621.392 INT 1980
|p 3067513
|r 2025-01-20
|w 2019-11-15
|y BK
|k EIE
|